| 000 | 00000cas 2200000za 4500 |
| 001 | 9.866116 |
| 003 | CaOODSP |
| 005 | 20260310144758 |
| 007 | cr ||||||||||| |
| 008 | 181214c20189999qucar p|o f0 b0fre|d |
| 022 | |a2562-2781 |
| 040 | |aCaOODSP|bfre |
| 043 | |an-cn--- |
| 086 | 1 |aEn1-78F-PDF |
| 222 | 0|aProjections des émissions de gaz à effet de serre et de polluants atmosphériques au Canada |
| 245 | 00|aProjections des émissions de gaz à effet de serre et de polluants atmosphériques au Canada |h[ressource électronique]. |
| 260 | |aGatineau, QC : |bEnvironnement et Changement climatique Canada, |c[2018]- |
| 310 | |aAnnuel |
| 362 | 0 |a2018- |
| 500 | |aLa 2018 copie a été replacée le 16 janvier 2019 à la demande du ministère-auteur. |
| 500 | |aPubl. aussi en anglais sous le titre : Canada's greenhouse gas and air pollutant emissions projections. |
| 692 | 07|2gccst|aGaz à effet de serre |
| 692 | 07|2gccst|aPollution atmosphérique |
| 692 | 07|2gccst|aPrévision |
| 710 | 1 |aCanada. |bEnvironnement et changement climatique Canada. |
| 775 | 08|tCanada's greenhouse gas and air pollutant emissions projections |w(CaOODSP)9.866115 |
| 780 | 00|tTendances en matière d'émissions au Canada |w(CaOODSP)9.503859 |